Les personnages du Loup-Garou de Thiercelieux - Statistiques

Statistiques générales
  • Ce quiz a été pris 936 fois
  • Le résultat moyen est 12 sur 18
Statistiques - réponses
Hint Réponse % Correct
Mange les gens Le loup
100%
Désigne deux amants à la vie, à la mort Cupidon
98%
Peut ressuciter ou tuer une fois La sorcière
98%
Quand il meurt, peut tuer quelqu'un Le chasseur
98%
Le personnage nul par excellence Le villageois
98%
Peut espionner La petite fille
97%
Peut découvrir une carte par nuit La voyante
97%
A la possibilité de tuer un loup par nuit Le Loup Blanc
67%
Choisit une carte au début de la partie Le voleur
65%
Doit se faire éliminer au premier tour L'ange
52%
Doit charmer tout le monde pour gagner Le joueur de flûte
49%
Choisit un mentor. Si celui-ci meurt, ce personnage devient loup-garou L'enfant sauvage
47%
Survit à la première attaque des loups L'ancien
39%
Possède une bête sauvage qui lui indique la proximité de loups Le montreur d'ours
39%
Protège une personne par nuit Le salvateur
38%
Désigne une personne par nuit qui aura 2 votes contre elle Le corbeau
37%
Ne meurt pas s'il est désigné, mais ne peut plus voter L'idiot du village
35%
Si égalité, c'est lui qui meurt Le bouc émissaire
34%
Aucun quiz correspondant
Distribution des résultats
% des personnes avec chaque résultat
Percentile par nombre de réponses
Votre historique - résultats
Vous n’avez pas pris ce quiz